书目信息 |
| 题名: |
葬送你一生的缺点
|
|
| 作者: | 漆浩 著 | |
| 分册: | ||
| 出版信息: | 北京 中国商业出版社 2004.04 |
|
| 页数: | 318页 | |
| 开本: | 20cm | |
| 丛书名: | ||
| 单 册: | ||
| 中图分类: | B825 | |
| 科图分类: | ||
| 主题词: | 伦理学 | |
| 电子资源: | ||
| ISBN: | 7-5044-5036-7 | |
| 000 | 00529nam0 2200193 450 | |
| 001 | 0539412088 | |
| 005 | 20050530105652.08 | |
| 010 | @a7-5044-5036-7@d24.80CNY | |
| 100 | @a20050530d2004 km y0chiy0120 ea | |
| 101 | 0 | @achi |
| 102 | @aCN@b110000 | |
| 200 | 1 | @a葬送你一生的缺点@Azang song ni yi sheng de que dian@f漆浩著@Fqi hao zhu |
| 210 | @a北京@c中国商业出版社@d2004.04 | |
| 215 | @a318页@d20cm | |
| 606 | 0 | @a伦理学 |
| 690 | @aB825@v4 | |
| 701 | 0 | @a漆浩@Aqi hao@4著 |
| 801 | 0 | @aCN@bPFT@c20050530 |
| 905 | @a10447@dB825@eQ014 | |
| 葬送你一生的缺点/漆浩著.-北京:中国商业出版社,2004.04 |
| 318页;20cm |
| ISBN 7-5044-5036-7:24.80CNY |
| ● |
| 相关链接 |
|
|
|
正题名:葬送你一生的缺点
索取号:B825/Q014
 
预约/预借
| 序号 | 登录号 | 条形码 | 馆藏地/架位号 | 状态 | 备注 |
| 1 | 534229 | 205342299 | 社科库509/509社科库 29排4列5层/ [索取号:B825/Q014] | 在馆 | |
| 2 | 534230 | 205342306 | 社科库509/509社科库 29排4列5层/ [索取号:B825/Q014] | 在馆 | |
| 3 | 534231 | 205342315 | 社科库509/509社科库 29排4列5层/ [索取号:B825/Q014] | 在馆 |